Statistics for Ligue 1 2010's Winners Starting XI

Click here to take the quiz!

General Stats

  • This quiz has been taken 5,820 times
    (5,277 since last reset)
  • The average score is 44 of 75

Answer Stats

Player% Correct
Edinson Cavani
98%
Kylian Mbappé
98%
Zlatan Ibrahimović
97%
Marco Verratti
97%
Thiago Silva
97%
Ángel Di María
95%
Bernardo Silva
94%
Marquinhos
94%
Alphonse Aréola
92%
Radamel Falcao
92%
Neymar
91%
Presnel Kimpembe
90%
Julian Draxler
89%
Salvatore Sirigu
89%
Juan Bernat
88%
Kevin Trapp
88%
Danijel Subašić
85%
Thiago Motta
85%
Blaise Matuidi
83%
Ezequiel Lavezzi
82%
Kamil Glik
82%
Maxwell
82%
Serge Aurier
82%
Thilo Kehrer
80%
Eden Hazard
79%
Olivier Giroud
79%
Fabinho
77%
David Luiz
75%
Gregory van der Wiel
75%
Steve Mandanda
75%
Dani Alves
74%
Lucas Moura
74%
Djibril Sidibé
73%
Javier Pastore
73%
Benjamin Mendy
71%
Adrien Rabiot
70%
Thomas Lemar
68%
Alex
62%
Tiemoué Bakayoko
59%
Valère Germain
58%
Christophe Jallet
51%
Jemerson
51%
Mamadou Niang
48%
Gervinho
47%
Yuri Berchiche
46%
Jérémy Ménez
45%
Mamadou Sakho
45%
Younès Belhanda
45%
Lucho González
42%
Brandão
41%
Vitorino Hilton
41%
Geoffrey Jourdren
39%
Mickaël Landreau
39%
Moussa Sow
38%
Rio Mavuba
38%
Yohan Cabaye
38%
Gabriel Heinze
37%
Adil Rami
36%
Mathieu Valbuena
36%
Souleymane Diawara
34%
Florent Balmont
33%
Benoît Cheyrou
30%
Mathieu Debuchy
28%
Aurélien Chedjou
27%
Souleymane Camara
26%
Henri Bedimo
24%
Franck Béria
21%
Stéphane Mbia
20%
Mapou Yanga-Mbiwa
18%
John Utaka
17%
Édouard Cissé
16%
Laurent Bonnart
16%
Garry Bocaly
10%
Marco Estrada
9%
Jamel Saihi
7%

Score Distribution

Percentile by Number Answered

Percent of People with Each Score

Your Score History

You have not taken this quiz since the last reset